000 00544nam a22001817a 4500
003 OSt
005 20140310181754.0
008 130628t xxu||||| |||| 00| 0 eng d
020 _a9710867296
050 _aHV 2890
_b.T355 2007
082 _2FIL 658.4
_b D37 2007
245 _aA textbook on security and safety management /
_cedited by Estelito A. Dela Cruz Jr.
260 _aMandaluyong City, Philippines :
_bNational Bookstore
_cc2007
300 _a225 p. :
_c22 cm.
650 _aSecurity
_xManagement
942 _2lcc
_cBK
999 _c3354
_d3354